China's foreign affairs (Record no. 311)

MARC details
000 -BAŞLIK
Sabit Uzunlukta Kontrol Alanı 00782na a2200241 4500
001 - KONTROL NUMARASI
Denetim Alanı 15334
003 - KONTROL NUMARASI IDENTIFIER
Denetim Alanı MIRAKIL
005 - SON İŞLEM TARİHİ VE ZAMANI
Denetim Alanı 20181213154743.0
008 - SABİT-BOY VERİ ELEMANLARI - GENEL BİLGİLER
Sabit Uzunlukta Kontrol Alanı 160919b tu 000 0
020 ## - ULUSLARARASI STANDART KİTAP NUMARASI
Uluslararası Standart Kitap Numarası 7501222738
035 ## - SİSTEM KONTROL NUMARASI
Sistem Kontrol Numarası 15334
040 ## - KATALOGLAMA KAYNAK
Orijinal Kataloglama Ajansı Milas
Kataloglama Dili tur
Metne Dönüştürmek Ajansı TR-AnCHP
041 ## - DİL KODU
Metin / Ses Parça Veya Ayrı Başlığın Dil Kodu eng
082 ## - DEWEY ONLU SINIFLANDIRMA NUMARASI
Sınıflandırma Numarası 327.51
Ürün Numarası M55c 2004
090 ## - SINIFLAMA NUMARASI
Sınıflama Numarası 327.51 M55c 2004
110 ## - ANA GİRİŞ - KURUMSAL ADI
Giriş Elemanı Olarak Kurumsal Ad Veya Yargı Alanı Adı Ministry of Foreign Affairs of the People's Republic of China
245 ## - BAŞLIK TABLOSU
Başlık China's foreign affairs
Sorumluluk Tablosu, Vb Ministry of Foreign Affairs of the People's Republic of China
260 ## - YAYIN, DAĞITIM, VB
Yayın, Dağıtım, Vb Yeri Çin
Yayıncı, Dağıtıcı, Vs Adı Ministry of Foreign Affairs of the People's Republic of
Yayın, Dağıtım, Vb Tarihi 2004
300 ## - FİZİKSEL TANIM
Kapsam 585 s.
Diğer Fiziksel Ayrıntıları tbl.
Boyutlar 28 cm.
546 ## - DİL NOTU
Dil Notu Metin Çince'den İngilizce'ye çevrilmiştir.
651 ## - KONU KATMA GİRİŞ - COĞRAFİ ADI
Coğrafi İsim Çin
Genel Alt Bölümü Uluslararası ilişkiler
942 ## - EKLENDİ GİRİŞ ELEMANLARI (KOHA)
Sınıflandırma Veya Raf Düzeni Kaynak
Koha Öğesi Türü Books
999 ## - SİSTEM KONTROL NUMARALARI (KOHA)
Koha Biblionumber 311
Koha Biblioitemnumber 311
Holdings
Kalıcı Konum Mevcut Konum Edinme Tarihi Edinim Kaynak Toplam Check-Out'Lar Tam Çağrı Numarası Barkod Tarih Son Görülme İtibaren Geçerli Fiyatlar Koha Öğesi Türü
CHP Kütüphanesi CHP Kütüphanesi 09/08/2016 Bağış   327.51 M55c 2004 003843 09/08/2016 09/08/2016 Books